000 00618nam a2200229Ia 4500
003 OSt
005 20230504163026.0
008 210423s2019 xx 000 0 und d
020 _a978-0-3671-1192-2
040 _cAL
041 _aeng
082 _a658.404
_223
_bRICP
100 _aRICHARDSON (Gary L);JACKSON (M)
_997983
245 _aProject management theory and practice Ed 3
250 _a3
260 _aNew York
_bCRC Press
_c2019
300 _axxvi,610
_bPB
365 _b1295
_cINR
650 _aExecutive Management
_997984
906 _amanagement ; practice ; Project ; theory
942 _2ddc
_cBK
999 _c171025
_d171025